01150naa a22002897a 4500001001000000003000900010005001700019007000300036008003400039040005400073041000900127072001500136090001800151100001900169111007300188245006000261260003600321500010400357650002800461650003000489650002300519773010100542909003600643942001400679999001900693952014800712BR7404992BR-BrBNA20240918173555.0ta230509b bl.||||| |||| 00| 0 por d aBR-BrBNAbporcBiblioteca Nacional de Agricultura a(Pt) aK20b/G514 aK20 BR74049921 aLinhares, R.L.1 a2. Congresso Forestal BrasileirocCuritiba, PR (Brazil)d17 Sep 19731 aO conservacionismo e a administracao florestal [Brasil]3 aCuritiba, PR (Brasil): c1974.  aAnais do 2. Congresso Florestal Brasileiro Curitiba, PR (Brasil): 1974. p. 27-28 (BR7404992-AM)K20  aADMINISTRACAO FLORESTAL aDESENVOLVIMENTO FLORESTAL aPOLITICA ECONOMICA0 tAnais do 2. Congresso Florestal BrasileirowK20 BR7404992gCuritiba, PR (Brasil), 1974. p. 27-28 a202404bLuciac55dLucia Elande cAM2AGRIS c305504d305504 002AGRIS40708Acervo Gerala41918b41918cAgrobasel0oK00 BR7404988r2024-05-20t01yAM10d2024-04-11ePortaria Interministerial nÂș 164/94